1486 1120 1878 1563 1110 1797 1137 1556 1689 1651 1071 1844 1233 1820 1813 1648 1286 1191 1113 1102 1123 1403 1870 1821 1545 1383 1140 1330 1875 1369 1461 1987 1786 1912 1931 1122 1914 1315 1484 1342 1607 1647 1953 1120 1127 1515 1506 1336 1679 1190 1261 1665 1837 1958 1115 1350 1026 1469 1975 1807 1078 1690 1823 1877 1273 1111 1378 1709 1756 1537 1967 1594 1885 1972 1653 1960 1099 1316 1675 1424 1259 1482 1311 1853 1858 1939 1276 1817 1596 1019 1566 1981 1628 1587 1490 1251 1547 1387 1925 BCNSPRNW ULIB Ver.6.0+V

เปลี่ยนเป็นภาษาไทย

Change to English
 แสดงรายละเอียดบรรณานุกรม
  กลับหน้าหลัก

Brief Record : Get Marc (ISO 2709) : E-mail record : QR code < ปิดหน้าต่าง
LEADER : 00000nam 2200000uu 4500
001    13399124575
003     ULIB
008    121029s2552||||th 000 0 tha d
020    ^a9786117190247
090    ^aนว.^bน418ม
100 0  ^aนันทนา วีระชน
245 00 ^aเมียแต่ง/^cนันทนา วีระชน
250    ^aพิมพ์ครั้งที่ 1
260    ^aกรุงเทพฯ :^bอินเลิฟ,^c2552
300    ^a427 หน้า
710 1  ^aอินเลิฟ
945    ^p315^l0^i026026
995    ^aทศพร
999 ^a ใช้งานได้ทุกระบบ
รายการนี้ยังไม่มีแท็ก
คุณยังไม่ได้ล็อกอิน คุณสามารถมีกิจกรรมร่วมกับเว็บไซต์ได้ แต่ต้องล็อกอินก่อน ::
  ล็อกอิน

รายการสื่อสารสนเทศ

ลำดับที่ ประเภท เลขเรียก/บาร์โค้ด สถานที่ สถานะ
1. นวนิยาย
นวนิยาย
นว. น418ม ฉ.1 
  Barcode: 026026
ห้องสมุดวิทยาเขตสวรรค์ประชารักษ์
►นวนิยาย
บนชั้น
  ขอยืม

BibComment


ยังไม่เคยถูกคอมเมนท์

คอมเมนท์ทรัพยากรรายการนี้
  คอมเมนท์: เมียแต่ง นันทนา ..


 Copyright 2026. Bcnsprnw @Library